[Event "GRE-ch Online Rapid op 1st"]
[Site "Tornelo INT"]
[Date "2021.02.06"]
[Round "5"]
[White "Basinas, Georgios"]
[Black "Makris, Spyridon Dionysios"]
[Result "0-1"]
[WhiteElo "1259"]
[BlackElo "1781"]
[PlyCount "60"]
[EventDate "2021.02.06"]
[EventType "swiss (rapid)"]
[EventRounds "8"]
[EventCountry "GRE"]
[SourceTitle "EXT 2023"]
[Source "ChessBase"]
[SourceDate "2022.10.05"]
[SourceVersion "1"]
[SourceVersionDate "2022.10.05"]
[SourceQuality "1"]

1. d4 Nf6 2. c4 e6 3. Nc3 Bb4 4. Nf3 c5 5. e3 0-0 6. Bd3 Bxc3+ 7. bxc3 d6 8. 0-0 Nc6 9. a4 e5 10. Qc2 Re8 11. Be4 Nxe4 12. Qxe4 exd4 13. Qd3 dxc3 14. Qxc3 d5 15. cxd5 Qxd5 16. Bb2 f6 17. Rad1 Qh5 18. Qc4+ Be6 19. Qb5 Rab8 20. Ba3 Bg4 21. Qxc5 Bxf3 22. gxf3 Qxf3 23. Qc4+ Kh8 24. Rd7 Re4 25. Qxe4 Qxe4 26. Rfd1 h5 27. Re7 Qg4+ 28. Kf1 Qxd1+ 29. Kg2 Nxe7 30. Bxe7 Rc8 0-1

[Event "GRE-ch Online Rapid op 1st"]
[Site "Tornelo INT"]
[Date "2021.02.06"]
[Round "6"]
[White "Margkarian, Alexandros"]
[Black "Basinas, Georgios"]
[Result "1-0"]
[WhiteElo "1082"]
[BlackElo "1259"]
[PlyCount "77"]
[EventDate "2021.02.06"]
[EventType "swiss (rapid)"]
[EventRounds "8"]
[EventCountry "GRE"]
[SourceTitle "EXT 2023"]
[Source "ChessBase"]
[SourceDate "2022.10.05"]
[SourceVersion "1"]
[SourceVersionDate "2022.10.05"]
[SourceQuality "1"]

1. d4 Nf6 2. c4 e6 3. Nc3 Bb4 4. Bd2 c5 5. d5 d6 6. Nf3 0-0 7. e3 exd5 8. cxd5 Bg4 9. h3 Bh5 10. Be2 Nbd7 11. 0-0 a6 12. a3 Bxc3 13. Bxc3 Ne4 14. Nd2 Nxc3 15. bxc3 Bxe2 16. Qxe2 b5 17. c4 Rb8 18. Rab1 Nf6 19. e4 Qa5 20. Rb3 Rfe8 21. Re1 Qa4 22. Rg3 bxc4 23. Nxc4 Nxe4 24. Re3 Nf6 25. Nxd6 Rxe3 26. Qxe3 Qd7 27. Qxc5 Rd8 28. Ne4 Qxd5 29. Nxf6+ gxf6 30. Re8+ Kg7 31. Qf8+ Kg6 32. Rxd8 Qe5 33. Qg8+ Kh6 34. Qxf7 Qe1+ 35. Kh2 Qxf2 36. Qf8+ Kg6 37. Qd6 h5 38. Qg3+ Qxg3+ 39. Kxg3 1-0